00953naa#a2200181#i#4500001001500000005001700015100004100032102000700073200013000080210016900210215001000379608006000389675014600449700005200595700005400647700005200701856001800753RU\\bibl\1931920260418192947.6##a20260417b2026####ek#y0rusy0150####ca##aRU1#aОСНОВЫ ТЕОРИИ СТРОЕНИЯ ДЕЙСТВИЙ В СПОРТЕeСтатья/тезисы конференции1#aВоронежcВоронежский государственный лесотехнический университет имени Г.Ф. Морозоваd2026##a8 с.##aСтатья/тезисы конференции2local##aФилософские и научно-теоретические основы физической культуры и спорта. 796.011#1aГригорьеваgИя Викторовна#1aВолковаgЕлена Григорьевна#1aКузнецовgИван Васильевич4#abibl.vgltu.ru